| 000 | 01920nam a22004091i 4500 | ||
|---|---|---|---|
| 001 | ebr10773030 | ||
| 003 | CaPaEBR | ||
| 006 | m o d | ||
| 007 | cr cn||||||||| | ||
| 008 | 130805s2013 enka ob 001 0 eng d | ||
| 020 | _z9781780764498 (hbk.) | ||
| 020 | _a9780857721556 (e-book) | ||
| 040 |
_aCaPaEBR _beng _erda _epn _cCaPaEBR |
||
| 043 |
_ae-uk-en _ae-uk--- |
||
| 050 | 1 | 4 |
_aDA535 _b.K45 2013eb |
| 082 | 0 | 4 |
_a940.07 _223 |
| 100 | 1 |
_aKelly, Linda, _d1936- |
|
| 245 | 1 | 0 |
_aHolland House : _ba history of London's most celebrated salon / _cLinda Kelly. |
| 264 | 1 |
_aLondon ; _aNew York : _bI.B. Tauris, _c2013. |
|
| 300 |
_a1 online resource (279 pages) : _billustrations |
||
| 336 |
_atext _2rdacontent |
||
| 337 |
_acomputer _2rdamedia |
||
| 338 |
_aonline resource _2rdacarrier |
||
| 504 | _aIncludes bibliographical references (pages [243]-246) and index. | ||
| 588 | _aDescription based on print version record. | ||
| 590 | _aElectronic reproduction. Palo Alto, Calif. : ebrary, 2013. Available via World Wide Web. Access may be limited to ebrary affiliated libraries. | ||
| 610 | 2 | 0 | _aHolland House (London, England) |
| 610 | 2 | 0 |
_aWhig Party (Great Britain) _xHistory _y19th century. |
| 650 | 0 |
_aSalons _zEngland _zLondon _xHistory _y19th century. |
|
| 651 | 0 |
_aGreat Britain _xIntellectual life _y19th century. |
|
| 651 | 0 |
_aLondon (England) _xIntellectual life _y19th century. |
|
| 651 | 0 |
_aGreat Britain _xPolitics and government _y1800-1837. |
|
| 655 | 0 | _aElectronic books. | |
| 776 | 0 | 8 |
_iPrint version: _aKelly, Linda,1936-. _tHolland House : a history of London's most celebrated salon. _dLondon : I.B. Tauris, 2013 _hxii, 259 pages, 8 unnumbered pages : illustrations ; 24 cm. _z9781780764498 _w(OCoLC)813861240 _w(DLC) 2013431537 |
| 797 | 2 | _aebrary. | |
| 856 | 4 | 0 |
_uhttp://site.ebrary.com/lib/rucke/Doc?id=10773030 _zAn electronic book accessible through the World Wide Web; click to view |
| 999 |
_c129438 _d129438 |
||